000 00348nam a2200133Ia 4500
008 150301s2012 xx 000 0 und d
082 _a610.7367
_bU12W
100 _aWILLIAMS, LINDA'S
245 _aUNDERSTANDING MEDICAL SURGICAL NURSING
260 _bFA. DAVIS.
_c2012
300 _a1459
650 _aMEDICAL SURGICAL NURSING
942 _2ddc
_cBK
_03
999 _c6851
_d6851